Central Library OPAC University of Rajshahi

سيرت خيرالبشر ;; sirat e khayrul bashar / (Record no. 81654)

MARC details
000 -LEADER
fixed length control field 00470nam a2200181 4500
001 - CONTROL NUMBER
control field 81654
003 - CONTROL NUMBER IDENTIFIER
rucl marc code BD-RjUL
005 - DATE AND TIME OF LATEST TRANSACTION
control field 20230809110732.0
008 - FIXED-LENGTH DATA ELEMENTS--GENERAL INFORMATION
fixed length control field 230809b pak||||| |||| 00| 0burd d
035 ## - SYSTEM CONTROL NUMBER
System control number (BD-RjUL) 81654
040 ## - CATALOGING SOURCE
Original cataloging agency BD-RjUL
Language of cataloging eng
Transcribing agency BD-RjUL
041 ## - LANGUAGE CODE
Language code of text/sound track or separate title urd
082 ## - DEWEY DECIMAL CLASSIFICATION NUMBER
Classification number 297.092
Author mark and year KHA 195?
245 10 - TITLE STATEMENT
Title سيرت خيرالبشر ;; sirat e khayrul bashar /
300 ## - PHYSICAL DESCRIPTION
Pagination 246 p. ;
Size 23 cm
650 ## - SUBJECT ADDED ENTRY--TOPICAL TERM
Topical term or geographic name as entry element Islam
Form subdivision Biography
9 (RLIN) 8251
942 ## - ADDED ENTRY ELEMENTS (KOHA)
Source of classification or shelving scheme Dewey Decimal Classification
Koha item type Books
Holdings
Lost status Source of classification or shelving scheme Damaged status Not for loan Collection code Permanent Location Current Location Shelving location Date acquired Full call number Date last seen Copy number Koha item type
  Dewey Decimal Classification   Not For Loan Non-fiction Central Library, University of Rajshahi Central Library, University of Rajshahi Reading Room 09/08/2023 297.092 KHA 195? 09/08/2023 C-1 Books